Revistas de artista. Reflexiones desde su legado documental.

Uloženo v:
Podrobná bibliografie
Hlavní autor: Hermosilla Z., Daniela (autora)
Médium: Neznámo
Jazyk:angličtina
Vydáno: Santiago, Chile: Metales pesados, 2023.
Témata:
Tagy: Přidat tag
Žádné tagy, Buďte první, kdo vytvoří štítek k tomuto záznamu!

MARC

LEADER 00000 a2200000 4500
003 CL-VaPUC
005 20240328123919.0
008 240321t2023 ||||| |||| 00| 0 eng d
999 |c 443137  |d 443135 
020 |a 9789566203391 
040 |c Pontificia Universidad Católica de Valparaíso 
082 0 4 |2 22  |a 700 HER 2023 
100 1 |a Hermosilla Z., Daniela  |e autora  |9 887861 
245 1 0 |a Revistas de artista.  |b Reflexiones desde su legado documental. 
260 |a Santiago, Chile:  |b Metales pesados,  |c 2023. 
300 |a 218 páginas:  |b ilustraciones 
583 |k GC  |c 20240321 
650 1 |a Publicaciones artísticas  |9 388007 
650 1 |a Memoria cultural  |9 887862 
651 |a Documentación artística  |9 887863 
942 |2 ddc  |c BK 
952 |0 0  |1 0  |2 ddc  |4 0  |6 700_000000000000000_HER_2023  |7 0  |8 A  |9 593647  |a BIBART  |b BIBART  |d 2024-03-13  |e 135  |g 14900.00  |i 5660355  |o 700 HER 2023  |p 5660355  |r 2025-03-13  |t 1  |v 14900.00  |w 2024-03-13  |y BK  |k ART